00442nam a2200121Ia 4500003000400000005001700004008004100021040001800062041000800080100004700088245015000135260003500285OSt20260226090757.0211028s2019 xx 000 0 und d cAIMIT LIBRARY aeng aLobo, Joy Avinash;Suresh, Rajini.g1716081 aStudy on the impact of brand awareness on consumer buying behaviour with special reference to notebooks from karavali colour cartoons Ltd (KCC) / aMangalorebDivya Pereirac2019